[Event "Novokuznetsk op"]
[Site "Novokuznetsk"]
[Date "2010.01.06"]
[Round "5"]
[White "Shukan, Alexander"]
[Black "Brazhnikov, Vladimir"]
[Result "1-0"]
[WhiteElo "2232"]
[BlackElo "2207"]
[PlyCount "53"]
[EventDate "2010.01.02"]
[EventType "swiss"]
[EventRounds "10"]
[EventCountry "RUS"]
[SourceTitle "CBM 134 Extra"]
[Source "ChessBase"]
[SourceDate "2010.03.03"]
[SourceVersion "1"]
[SourceVersionDate "2010.03.03"]
[SourceQuality "1"]

1. e4 c5 2. Nc3 a6 3. g3 g6 4. d3 Bg7 5. Be3 d6 6. Qd2 b5 7. Bg2 Bb7 8. Nge2 Nd7 9. 0-0 Ngf6 10. e5 Bxg2 11. exf6 Bxf1 12. fxg7 Rg8 13. Rxf1 Rxg7 14. d4 Rc8 15. dxc5 Nxc5 16. Bxc5 Rxc5 17. Ne4 Rc4 18. N2c3 d5 19. Rd1 e6 20. b3 Rc8 21. Qd4 Kf8 22. Nf6 Qc7 23. Rd3 Qd6 24. Nce4 Qe7 25. Ng5 e5 26. Qh4 h6 27. Qxh6 1-0

[Event "Novokuznetsk op"]
[Site "Novokuznetsk"]
[Date "2010.01.02"]
[Round "1"]
[White "Brazhnikov, Vladimir"]
[Black "Morokov, Anatoliy"]
[Result "1-0"]
[WhiteElo "2207"]
[BlackElo "1797"]
[PlyCount "35"]
[EventDate "2010.01.02"]
[EventType "swiss"]
[EventRounds "10"]
[EventCountry "RUS"]
[SourceTitle "CBM 134 Extra"]
[Source "ChessBase"]
[SourceDate "2010.03.03"]
[SourceVersion "1"]
[SourceVersionDate "2010.03.03"]
[SourceQuality "1"]

1. e4 a6 2. f4 b5 3. d4 Bb7 4. Bd3 f5 5. exf5 h5 6. Nf3 h4 7. Qe2 Rh6 8. f6 Rxf6 9. Ne5 e6 10. Qh5+ Ke7 11. Ng6+ Kf7 12. Nxh4+ Ke7 13. Ng6+ Kf7 14. 0-0 d6 15. f5 Nc6 16. fxe6+ Kxe6 17. Re1+ Kf7 18. Nh8# 1-0

[Event "Novokuznetsk-ch op"]
[Site "Novokuznetsk"]
[Date "2009.12.12"]
[Round "8"]
[White "Volodarsky, Yury Aleksandrovic"]
[Black "Brazhnikov, Vladimir"]
[Result "0-1"]
[WhiteElo "2181"]
[BlackElo "2182"]
[PlyCount "94"]
[EventDate "2009.11.21"]
[EventType "swiss"]
[EventRounds "9"]
[EventCountry "RUS"]
[SourceTitle "EXT 2011"]
[Source "ChessBase"]
[SourceDate "2010.11.26"]
[SourceVersion "1"]
[SourceVersionDate "2010.11.26"]
[SourceQuality "1"]

1. e4 c5 2. f4 Nc6 3. Nf3 e6 4. Bb5 Nge7 5. 0-0 g6 6. c4 Bg7 7. Nc3 0-0 8. d3 b6 9. Be3 Bb7 10. d4 cxd4 11. Nxd4 Qc7 12. Rc1 Rfd8 13. Ba4 Nxd4 14. Bxd4 Qxc4 15. Bxg7 Kxg7 16. Bb3 Qb4 17. a3 Qa5 18. Qd4+ f6 19. Kh1 Rac8 20. Qf2 d5 21. Qh4 d4 22. e5 Ng8 23. Bxe6 dxc3 24. Bxc8 Rxc8 25. Rcd1 Rc7 26. bxc3 Qxc3 27. Qg4 Qc6 28. Qe2 f5 29. Rd2 Ne7 30. Rfd1 Qa4 31. Rd4 Qxa3 32. e6 Be4 33. Rxe4 fxe4 34. Qxe4 Qb2 35. h3 Rc1 36. Rxc1 Qxc1+ 37. Kh2 Qc3 38. g4 g5 39. f5 Qd2+ 40. Kg1 Kf6 41. Qa8 Qc1+ 42. Kf2 Qc5+ 43. Kg3 Qc7+ 44. Kf2 Ke5 45. Qh8+ Ke4 46. Qa8+ Nd5 47. f6 Qf4+ 0-1

[Event "Novokuznetsk-ch op"]
[Site "Novokuznetsk"]
[Date "2009.11.25"]
[Round "3"]
[White "Brazhnikov, Vladimir"]
[Black "Rogov, Igor"]
[Result "1-0"]
[WhiteElo "2182"]
[BlackElo "1980"]
[PlyCount "73"]
[EventDate "2009.11.21"]
[EventType "swiss"]
[EventRounds "9"]
[EventCountry "RUS"]
[SourceTitle "EXT 2011"]
[Source "ChessBase"]
[SourceDate "2010.11.26"]
[SourceVersion "1"]
[SourceVersionDate "2010.11.26"]
[SourceQuality "1"]

1. Nf3 Nf6 2. d4 d5 3. g3 e6 4. Bg2 b6 5. 0-0 Bb7 6. Bf4 Bd6 7. Bxd6 Qxd6 8. Nbd2 Nbd7 9. Re1 c5 10. c4 0-0 11. Rc1 Rac8 12. dxc5 Nxc5 13. Nd4 a6 14. cxd5 Nxd5 15. Nc4 Qc7 16. e4 Nb4 17. Re2 Nxa2 18. Ra1 Nb4 19. e5 Bxg2 20. Kxg2 Rfd8 21. Nd6 Ra8 22. Rc1 Nc6 23. Nxc6 Qxc6+ 24. Kg1 Qd7 25. Rd2 a5 26. Rc4 a4 27. Qh5 Qe7 28. Rh4 h6 29. Rg4 g6 30. Nxf7 Qxf7 31. Rxg6+ Kf8 32. Rf6 Qxf6 33. exf6 Rxd2 34. Qxh6+ Ke8 35. Qxd2 Kf7 36. Qh6 Rg8 37. Qh7+ 1-0